Revista de Derecho UNS. Número especial 20 años. Año VI, 2016. :

Guardado en:
Autor Corporativo: Universidad Nacional del Sur Departamento de Derecho
Formato: Seriadas
Idioma:Spanish
Publicado: Bahía Blanca : Edi Uns, 2017.
Etiquetas: Agregar Etiqueta
Sin Etiquetas, Sea el primero en etiquetar este registro!
LEADER 00433nas a22001335a 4500
001 DER.der013779
005 20190212103156.0
008 181206s2017####ag#||#|||||||||###||spa||
022 |a 23140747 
245 1 0 |a Revista de Derecho UNS.  |n Año VI, 2016. :  |b Número especial 20 años. 
260 |a Bahía Blanca :  |b Edi Uns,  |c 2017. 
300 |a 261 p. 
710 1 |a Universidad Nacional del Sur  |b Departamento de Derecho 
859 |a DERECHO  |b BIB. DERECHO  |p 008854